Del Desencuentro al encuentro con Alvaro Quesada /
Збережено в:
| Автор: | |
|---|---|
| Формат: | Текст |
| Предмети: | |
| Теги: |
Додати тег
Немає тегів, Будьте першим, хто поставить тег для цього запису!
|
MARC
| LEADER | 00000 a a2200000 04500 | ||
|---|---|---|---|
| 001 | 13617 | ||
| 003 | |||
| 040 | |||
| 100 | |a Molina Jiménez, Iván | ||
| 245 | |a Del Desencuentro al encuentro con Alvaro Quesada / |c Iván Molina Jiménez | ||
| 650 | |a HISTORIA ECONOMICA | ||
| 650 | |a LITERATURA | ||
| 650 | |a CAPITALSIMO | ||
| 650 | |a HISTORIA SOCIAL | ||
| 773 | |g número 79; páginas 71-76 | ||
| 999 | |c 38139 |d 38139 | ||
